00485 2200193 4500001002100000005001500021035002000036007000300056008004100059020002200100082000800122084001400130100001400144245002400158250001100182260004900193300003200242650001700274INLIS00000000000115920210928091158 a0010-0921000058ta210928 d f ind  a978-623-95545-0-7 a813 a813 TER p0 aTere Liye1 aPulang /cTere Liye aCet. 2 aJawa Barat :bPT Sabak Grip Nusantara,c2021 a395 hlm. ;c13,5 cm x 20 cm aNovel remaja